000 00173nam a2200073Ia 4500
008 170617s9999 xx 000 0 und d
100 _aYourgken- Herber W.
245 0 _aNatural Drugs
260 _bPharma Book
999 _c14788
_d14788